000 00818nam a22002537a 4500
003 DO-SdBPM
005 20250320105350.0
008 151113b 2005 sp | 00| 0 spa d
020 _a8496412687
040 _aDO-SdBPM
_bspa
_cBPMSU
082 4 _a823.8
_bW671g 2005
_222
092 _axxxx
_bxxxx
100 1 _aWilde, Oscar,
_d1854-1900.
245 1 0 _aEl gigante egoísta /
_cOscar Wilde ; ilustrado por Gerardo Baró ; adaptación Alberto Szpunberg
260 _aBarcelona :
_bEl País,
_c2005
300 _a45 p. :
_bil. ;
_c21 cm.
490 0 _a Cuentos infantiles,
_v7
590 _aInventariado, 2025/VM
650 4 _aCuentos Juveniles ingleses
650 4 _aLibros ilustrados para niños
700 1 _aBaró, Gerardo
_eilustraciones
_d
910 _a VMateo V. Control de calidad. BPMSU
942 _2ddc
_cBK
999 _c15016
_d15016